Come riconciliare l'esegesi e la fede

Gorde:
Xehetasun bibliografikoak
Egile nagusia: Laurentin, René (Egilea)
Formatua: Liburua
Hizkuntza:italiera
Argitaratua: Brescia Queriniana 1986
Edizioa:1a. ed
Saila:UT. Universale Teologica, 16
Gaiak:
Etiketak: Etiketa erantsi
Etiketarik gabe, Izan zaitez lehena erregistro honi etiketa jartzen!

MARC

LEADER 00000cam a2200000 a 4500
001 UCD3890
003 CL-VaPUC
008 160623e19860000it |||||||||||||||||ita|d
082 0 4 |a 230  |b LAU  |2 21 
100 |a Laurentin, René  |e author  |9 587523 
245 1 0 |a Come riconciliare l'esegesi e la fede 
250 |a 1a. ed 
300 |a 190 p 
942 |c BK 
945 |d 20160623 20:47:00  |a cmena 
260 |a Brescia  |b Queriniana  |c 1986 
650 0 |a Teología cristiana  |9 308336 
650 0 |a Fe cristiana  |9 527676 
650 0 |a Exégesis   |9 365279 
583 |a last modification  |c 20160623 20:47:00  |k Rodrigo Vera 
490 0 |a UT. Universale Teologica, 16 
999 |c 364905  |d 364903 
952 |0 0  |1 0  |3 erb  |4 0  |6 230_000000000000000_LAU_1986  |7 0  |8 A  |9 478535  |a BIBTEO  |b BIBTEO  |i 5314585  |o 230 LAU 1986  |p 5314585  |r 2025-01-17  |w 2019-11-24  |y BK  |z Catalogado en:20160623  |k ICR